000 01462nam0a22003251 4500
001 v19\rc\1660932
005 20260406160956.0
035 _a(NLR Aleph) 005242114
090 _a5715433
_c5715433
100 _a20061002d1891 |||y0rusy50 ca
101 0 _arus
102 _aRU
105 _ac r |||cb
200 1 _aЖ. Мольер
_eЕго жизнь и лит. деятельность
_eБиогр. очерк М.В. Барро
_fС портр. Мольера, грав. в Лейпциге Геданом
210 _aСанкт-Петербург
_cтип. И.Г. Салова
_d1891
215 _a79 с., 1 л. портр.
_d18
225 1 _aЖизнь замечательных людей. Биографическая библиотека Флорентия Павленкова
320 _aБиблиогр.: 16 назв.
532 1 0 _aЖан Мольер
700 1 _7ca
_8rus
_aБарро
_bМ. В.
_gМихаил Владиславович
_9266201
_3RU\NLR\AUTH\770266257
702 1 _4440
_8rus
_7ca
_aГедан
_bГ.
_cгравер
_f19 в.
_gГерман
_3RU\NLR\AUTH\7775843
_958771
702 1 _4570
_7ca
_8rus
_aМольер
_bЖ. Б.
_f1622-1673
_gЖан Батист
_3RU\NLR\AUTH\778615
_9118517
801 2 _aRU
_bNLR
_c20070425
_2rusmarc
801 0 _aRU
_bNLR
_c20061002
_gpsbo
801 0 _aRU
_bRuMoRGB
_c20061002
_2psbo
801 1 _aRU
_bProSoft-M
_c20061002
_2rusmarc
852 _aNLR
_j18.16.8.42
942 _cBOOK
980 _aNB